书目信息 |
| 题名: |
走进南海
|
|
| 作者: | 王东晓 | |
| 分册: | ||
| 出版信息: | 汉口 湖北科学技术出版社 2016.08 |
|
| 页数: | 205页 | |
| 开本: | 20cm | |
| 丛书名: | ||
| 单 册: | ||
| 中图分类: | P722.7-49 | |
| 科图分类: | ||
| 主题词: | 海洋学--区域 | |
| 电子资源: | ||
| ISBN: | 7-5352-8990-8 | |
| 000 | 00574nam0 2200205 450 | |
| 001 | 2682 | |
| 005 | 20161205145429.95 | |
| 010 | @a7-5352-8990-8@dCNY68.00 | |
| 100 | @a20150810d2016 km y0chiy0120 ea | |
| 101 | 0 | @achi |
| 102 | @aCN | |
| 200 | 1 | @a走进南海@Azou jin nan hai@f王东晓@Fwang dong xiao |
| 210 | @a汉口@c湖北科学技术出版社@d2016.08 | |
| 215 | @a205页@d20cm | |
| 330 | @a南海·普及读物 | |
| 606 | 0 | @a海洋学@x区域 |
| 690 | @aP722.7-49@v4 | |
| 701 | 0 | @a王东晓@Awang dong xiao |
| 801 | 0 | @aCN@b大连网信软件有限公司图书馆·11@c20161205 |
| 905 | @aZUCC@dP722.7-49@e67 | |
| 走进南海/王东晓.-汉口:湖北科学技术出版社,2016.08 |
| 205页;20cm |
| ISBN 7-5352-8990-8:CNY68.00 |
| 南海·普及读物 |
| ● |
| 相关链接 |
|
|
|
|
正题名:走进南海
索取号:P722.7-49/67
 
预约/预借
| 序号 | 登录号 | 条形码 | 馆藏地/架位号 | 状态 | 备注 |
| 1 | 907352 | 209073526 | 第二样本阅览室/ [索取号:P722.7-49/67] | 在馆 | |
| 2 | 907353 | 209073535 | 第三借阅区/ [索取号:P722.7-49/67] | 在馆 | |
| 3 | 907354 | 209073544 | 第三借阅区/ [索取号:P722.7-49/67] | 在馆 | |
| 4 | 907355 | 209073553 | 第三借阅区/ [索取号:P722.7-49/67] | 在馆 | |
| 5 | 907356 | 209073562 | 第三借阅区/ [索取号:P722.7-49/67] | 在馆 |